00480nam a2200181 a 45000010005000000030009000050080041000140200015000550400028000700820016000981000023001142450069001372600032002063000010002386500021002489420012002699990017002816825CO-ViMGA141112s2004 ck r 000 u spa d a9589272339 aCO-ViMGAbspacCO-ViMGA04a331.88 G6241 aGodio, Julio9624810aLos sindicatos en las Economías de mercado en América Latina aBogotá : bFescol, c1993 a176 p14aSINDICATOS96249 2ddccBK c18794d18794